LEADER 01004nam a2200205 4500 001 000000354887 003 CaOOAMICUS 005 20230807102254.0 008 230807s1844 it a 000 u ita r 040 $aSeMil$bita 100 11$aPistolesi, Erasmo.$0(OLS)http://semarc/name/14226 245 10$aDescrizione di Roma e suoi contorni con nuovo metodo breve e facile per vedere la cittŕ in otto giorni ... /$cdi Erasmo Pistolesi. 264 1$aRoma :$bGiovanni Gallarini,$c1844. 300 $a682 p., [7] carte di tav., [1] carta di tav. topogr. ripieg. :$bill. ;$c16 cm 650 4$aRoma - Guide.$0(OLS)http://semarc/subject/5227 850 $aSeMil 852 $aSeMil$W1$xVenegono$y1$m4Y II 23 FA$j242903$B246176$CSeMilBibl$Z2$F246176 $8I 996 $6245$aDescrizione di Roma e suoi contorni con nuovo metodo breve e facile per vedere la cittŕ in otto giorni ...$9(OLS)http://semarc/title/445058 996 $6264$aRoma :$bGiovanni Gallarini$9(OLS)http://semarc/publisher/61159 LEADER 00879nam a2200205 i 4500 001 000000092437 003 CaOOAMICUS 005 20151209000000.0 008 151209s1889 xx u000 u und u 013 $a64679 040 $aSeMil$bita 100 1 $aBrioschi, Pietro Adamo.$0(OLS)http://semarc/name/91505 245 10$aVida de san Pedro Claver :$bheroico apóstol de los negros /$cpor el presbítero Pedro A. Brioschi. 260 $aParis :$bGarnier Hermanos,$c1889. 300 $aXII, 544 p. :$bill. ;$c18 cm. 650 4$aPietro : Claver .$0(OLS)http://semarc/subject/16645 850 $aSeMil 852 $aSeMil$W1$xVenegono$y1$m3H II 43 FA$j55325$B55325$CSeMilBibl$Z2$F60038 $8I 996 $6245$aVida de san Pedro Claver :$bheroico apóstol de los negros$9(OLS)http://semarc/title/138599 996 $6260$aParis :$bGarnier Hermanos$9(OLS)http://semarc/publisher/43979 LEADER 01340nam a2200253 i 4500 001 000000102882 003 CaOOAMICUS 005 20010910000000.0 008 010910s1968 it u000 u mul u 013 $a75038 040 $aSeMil$bita 100 1 $aCarrier, Hervé,$c.$0(OLS)http://semarc/name/15645 245 10$aSociologie du Christianisme :$bBibliographie Internationale : Supplément 1962-1966 = Sociology of Christianity : International Bibliography : Supplement 1962-1966 /$cHervé Carrier, Emile Pin, Alfred Fasola-Bologna. 260 $aRome :$bPresses de l'Université Grégorienne,$c1968. 300 $a304 p. ;$c25 cm. 490 0 $aStudia socialia 700 1 $aFasola Bologna, Alfred.$0(OLS)http://semarc/name/43994 700 1 $aPin, Émile,$c.$0(OLS)http://semarc/name/25407 830 0$aStudia socialia.$0(OLS)http://semarc/title/8812 850 $aSeMil 852 $aSeMil$W1$xVenegono$y1$mSL1.P VII 47$j59343$B59343$CSeMilBibl$Z2$F43835 $8I 961 $aAcquisto: Casa editrice 996 $6245$aSociologie du Christianisme :$bBibliographie Internationale : Supplément 1962-1966 = Sociology of Christianity : International Bibliography : Supplement 1962-1966$9(OLS)http://semarc/title/149607 996 $6260$aRome :$bPresses de l'Université Grégorienne$9(OLS)http://semarc/publisher/38089 LEADER 01447nam a2200301 i 4500 001 000000343101 003 CaOOAMICUS 005 20210330140106.0 008 201125s2020 it u000 u mul u 013 $a209147 020 $a978-88-922208-3-6 040 $aSeMil$bita 041 $aita$agrc 245 00$aBaruc, Lettera di Geremia :$bintroduzione, traduzione e commento /$ca cura di Marco Valerio Fabbri. 264 1$aCinisello Balsamo :$bSan Paolo,$c2020. 300 $a136 p. ;$c22 cm 490 1 $aNuova versione della Bibbia dai testi antichi ;$v35 501 $aLettera di Geremia 650 4$aBibbia. Antico Testamento. Geremia - Commentari, studi, critica, interpretazioni.$0(OLS)http://semarc/subject/29 650 4$aBibbia. Antico Testamento. Baruch - Commentari, studi, critica, interpretazioni.$0(OLS)http://semarc/subject/21059 700 1 $aFabbri, Marco Valerio.$0(OLS)http://semarc/name/112507 830 0$aNuova versione della Bibbia dai testi antichi ;$v35.$0(OLS)http://semarc/title/32532 850 $aSeMil 852 $aSeMil$W1$xVenegono$y1$m2XA E 35$j230498$B234076$CSeMilBibl$Z2$F234076 $81 996 $6020$a978-88-922208-3-6$9(OLS)http://semarc/number/291720 996 $6245$aBaruc, Lettera di Geremia :$bintroduzione, traduzione e commento$9(OLS)http://semarc/title/432066 996 $6264$aCinisello Balsamo :$bSan Paolo$9(OLS)http://semarc/publisher/30129